000 00690naa a2200193 4500
001 146501
003 ES-MaBCM
005 20241016183906.0
008 070305s2006 fra|r0p 0 ||fre d
021 _axx
035 _a(OCoLC)1365269131
040 _cES-MaBCM
100 1 _aSauterey, Anne-Lise
_979041
245 0 0 _aL'Union européenne au XXIe. siècle
_b: maîtriser son territoire pour peser face aux enjeux du système géopolitique mondial
_cAnne-Lise Sauterey
650 1 4 _aUnión Europea
_952895
650 1 7 _aRelación internacional
_960079
773 0 _aEn:
_tRevue politique et parlementaire
_dParis
_w104657
_g108 année, nº 1041 (oct.-déc. 2006), p. 49-60
942 _cAREV
999 _c146501
_d146501